LEADER 00618nam a2200181 i 4500 001 000000091563 003 CaOOAMICUS 005 20080520000000.0 008 080520s1703 xx u000 u und u 013 $a63805 040 $aSeMil$bita 100 1 $aGranata, Luigi.$0(OLS)http://semarc/name/40920 245 10$aOpere spirituali (Tomo secondo) 260 $aVenezia :$bPaolo Baglioni,$c1703. 300 $a775 p. 650 4$aOmiletica.$0(OLS)http://semarc/subject/3458 996 $6245$aOpere spirituali (Tomo secondo)$9(OLS)http://semarc/title/137710 996 $6260$aVenezia :$bPaolo Baglioni$9(OLS)http://semarc/publisher/43864 LEADER 00578nab a2200157 i 4500 001 000000267395 003 CaOOAMICUS 005 20180831164751.0 008 180831n xx uu u0 0und r 013 $a11961 040 $aSeMil$bita 245 10$a[vedi periodico]. 773 0 $tAnnuario Accademico 2006-2007.$dMilano : Glossa, stampa 2006.$w()165008 774 0 $tAnnuario Accademico 2006-2007 [del] Centro Studi di Spiritualitą.$w()305642 774 0 $tSommario delle Tesi discusse nell'Anno Accademico 2005-2006.$w()305643 996 $6245$a[vedi periodico]$9(OLS)http://semarc/title/309439